000 00491nam a22001817a 4500
003 MPLRDC
005 20220104153102.0
008 210129b ||||| |||| 00| 0 eng d
082 _a440.61 ZLZS
100 _a中国对外翻译出版公司第二编译室译
245 _a专利制度的作用
_c
250 _a初版
260 _a
_b中国对外翻译出版公司
_c1985
300 _b
490 _a专利知识译丛之一
650 _a专利法规
942 _cBK
_o440.61 ZLZS
999 _c53249
_d53239